Civil Democratic Islam (Record no. 351868)
[ view plain ]
| 000 -LEADER | |
|---|---|
| fixed length control field | 00639nam a2200133Ia 4500 |
| 008 - FIXED-LENGTH DATA ELEMENTS--GENERAL INFORMATION | |
| fixed length control field | 171212s9999 xx 000 0 und d |
| 020 ## - INTERNATIONAL STANDARD BOOK NUMBER | |
| International Standard Book Number | 9780833034380 |
| 100 ## - MAIN ENTRY--PERSONAL NAME | |
| Personal name | Benard, Cheryl;Riddile, Andrew;Wilson, Peter A.;Popper, Steven W. |
| 245 ## - TITLE STATEMENT | |
| Statement of responsibility, etc | Benard, Cheryl;Riddile, Andrew;Wilson, Peter A.;Popper, Steven W. |
| Title | Civil Democratic Islam |
| Remainder of title | Partners, Resources, and Strategies |
| 260 ## - PUBLICATION, DISTRIBUTION, ETC. (IMPRINT) | |
| Name of publisher, distributor, etc | RAND Corporation |
| Date of publication, distribution, etc | 2003 |
| 650 ## - SUBJECT ADDED ENTRY--TOPICAL TERM | |
| Topical term or geographic name as entry element | Islam and civil society; Islamic modernism; Democracy -- Religious aspects -- Islam; Islam -- University; Islam -- 21st century |
| 650 ## - SUBJECT ADDED ENTRY--TOPICAL TERM | |
| Topical term or geographic name as entry element | Political Science |
| 856 ## - ELECTRONIC LOCATION AND ACCESS | |
| Uniform Resource Identifier | <a href="www.jstor.org/stable/10.7249/mr1716cmepp">www.jstor.org/stable/10.7249/mr1716cmepp</a> |
| Withdrawn status | Lost status | Damaged status | Home library | Current library | Date acquired | Total Checkouts | Full call number | Date last seen | Price effective from | Koha item type |
|---|---|---|---|---|---|---|---|---|---|---|
| College Library | College Library | 12/12/2017 | BP173.63 .B46 2003 | 12/12/2017 | 12/12/2017 | Curriculum - Based eBooks |